<?xml version="1.0" encoding="UTF-8"?>
<record
    xmlns:xsi="http://www.w3.org/2001/XMLSchema-instance"
    xsi:schemaLocation="http://www.loc.gov/MARC21/slim http://www.loc.gov/standards/marcxml/schema/MARC21slim.xsd"
    xmlns="http://www.loc.gov/MARC21/slim">

  <leader>01439nam a2200205 a 4500</leader>
  <controlfield tag="008">161215e1988    ag  |||g |||| 001 j spa d</controlfield>
  <datafield tag="020" ind1=" " ind2=" ">
    <subfield code="a">9501002020</subfield>
  </datafield>
  <datafield tag="041" ind1=" " ind2=" ">
    <subfield code="a">spa</subfield>
  </datafield>
  <datafield tag="092" ind1=" " ind2=" ">
    <subfield code="c">808</subfield>
    <subfield code="l">71</subfield>
    <subfield code="s">QUI</subfield>
  </datafield>
  <datafield tag="100" ind1="1" ind2=" ">
    <subfield code="a">Quiroga, Horacio</subfield>
    <subfield code="9">3975</subfield>
  </datafield>
  <datafield tag="245" ind1=" " ind2=" ">
    <subfield code="a">Cuentos de amor de locura y de muerte /</subfield>
    <subfield code="c">Horacio Quiroga</subfield>
  </datafield>
  <datafield tag="250" ind1=" " ind2=" ">
    <subfield code="a">3a ed.</subfield>
    <subfield code="b">Estudio preliminar, notas y vocabulario Teresita Frugoni de Fritzsche</subfield>
  </datafield>
  <datafield tag="260" ind1=" " ind2=" ">
    <subfield code="a">Buenos Aires:</subfield>
    <subfield code="b">Huemul;</subfield>
    <subfield code="c">1988.</subfield>
  </datafield>
  <datafield tag="300" ind1=" " ind2=" ">
    <subfield code="a">261 p.</subfield>
  </datafield>
  <datafield tag="500" ind1=" " ind2=" ">
    <subfield code="a">Quiroga, H. (1988). Cuentos de amor de locura y de muerte. (3a ed.). Buenos Aires : Huemul.</subfield>
  </datafield>
  <datafield tag="505" ind1=" " ind2=" ">
    <subfield code="a">Cuentos de amor de locura y de muerte, escrito as&#xED; por el autor, sin comas, muestra que tales fuerzas se conjugan en un todo indisoluble que act&#xFA;a desde y sobre el hombre. Las tres fuerzas adquieren a menudo rasgos extra&#xF1;os o ligados a la desmesura: el amor se aparta de lo normal, la locura lleva su dosis de morbosidad y horror y la inexorable muerte es incontrolable, misteriosa y terrible. Pero lo profundamente original de Quiroga en el tratamiento de estos temas es la admirable sobriedad y concisi&#xF3;n con que pinta el conflicto hombre-medio. La naturaleza no aparece como puro paisaje en ning&#xFA;n caso, y su descripci&#xF3;n jam&#xE1;s carece de funcionalidad. De ah&#xED; la sensaci&#xF3;n de vida que todos los textos causan en el lector. </subfield>
  </datafield>
  <datafield tag="590" ind1=" " ind2=" ">
    <subfield code="a">Proyecto 4to libro. Donaci&#xF3;n Constanzo Juan Carlos</subfield>
  </datafield>
  <datafield tag="655" ind1=" " ind2=" ">
    <subfield code="a">Cuentos</subfield>
    <subfield code="9">2945</subfield>
  </datafield>
  <datafield tag="942" ind1=" " ind2=" ">
    <subfield code="2">ddc</subfield>
    <subfield code="c">LIT</subfield>
  </datafield>
  <datafield tag="999" ind1=" " ind2=" ">
    <subfield code="c">3032</subfield>
    <subfield code="d">3032</subfield>
  </datafield>
  <datafield tag="952" ind1=" " ind2=" ">
    <subfield code="0">0</subfield>
    <subfield code="1">0</subfield>
    <subfield code="2">ddc</subfield>
    <subfield code="4">0</subfield>
    <subfield code="7">0</subfield>
    <subfield code="a">BFM</subfield>
    <subfield code="b">BFM</subfield>
    <subfield code="c">CR</subfield>
    <subfield code="d">2019-09-09</subfield>
    <subfield code="e">Donaci&#xF3;n Constanzo, Juan Carlos. Sept. 2019</subfield>
    <subfield code="l">2</subfield>
    <subfield code="o">808 71 QUI</subfield>
    <subfield code="p">4567</subfield>
    <subfield code="r">2022-10-31</subfield>
    <subfield code="s">2022-10-19</subfield>
    <subfield code="t">Ej.1</subfield>
    <subfield code="w">2019-09-09</subfield>
    <subfield code="y">LIT</subfield>
    <subfield code="z">Proyecto 4to libro Donaci&#xF3;n Constanzo, Juan Carlos. Sept. 2019</subfield>
  </datafield>
  <datafield tag="952" ind1=" " ind2=" ">
    <subfield code="0">0</subfield>
    <subfield code="1">0</subfield>
    <subfield code="2">ddc</subfield>
    <subfield code="4">0</subfield>
    <subfield code="7">0</subfield>
    <subfield code="a">BFM</subfield>
    <subfield code="b">BFM</subfield>
    <subfield code="c">CR</subfield>
    <subfield code="d">2025-05-21</subfield>
    <subfield code="e">Donaci&#xF3;n Mayo 2025. Hern&#xE1;ndez, Lucas Joaqu&#xED;n.</subfield>
    <subfield code="l">0</subfield>
    <subfield code="o">808 71 QUI</subfield>
    <subfield code="p">5037</subfield>
    <subfield code="r">2025-05-21</subfield>
    <subfield code="t">Ej. 2</subfield>
    <subfield code="w">2025-05-21</subfield>
    <subfield code="y">LIT</subfield>
    <subfield code="z">Donaci&#xF3;n Mayo 2025. Hern&#xE1;ndez, Lucas Joaqu&#xED;n. Sede Tordos.</subfield>
    <subfield code="f"></subfield>
  </datafield>
</record>
